000 01078nam a2200301 a 4500
001 000007241
003 DO-SdBNP
005 20240305082555.0
007 ta
008 090907s2004 dr a 001 0 spa d
020 _a999343390X
040 _aDO-SdBNP
_bspa
_cBNPHU
082 4 _a617.98097293
_bO87h
_222
100 1 _aOtero Cruz, Héctor
_919641
245 1 0 _aHistoria de la cirugía pediátrica dominicana /
_cHéctor Otero Cruz ; prólogo Hugo Mendoza.
260 _aSanto Domingo :
_bMediabyte,
_c2004.
300 _axv, 227 p. :
_bil. ;
_c23 cm.
500 _aIncluye índice
500 _aIncluye referencias bibliográficas y notas al pie de las páginas.
500 _aIncluye datos biográficos del autor en la solapa de la cubierta
504 _aBibliográfía : p. 209-214
590 _aInventariado, 2022/MFF
650 4 _aCirugía infantil
_zRepública Dominicana
_xHistoria
_920088
650 4 _aPediatría
_zRepública Dominicana
_920090
700 1 _aMendoza , Hugo,
_epról.
_920091
910 _aValidado. Control de calidad MFF
942 _2ddc
_cLBS1
999 _c7022
_d7022